Sức mạnh của trí tuệ cảm xúc = Beyond reason

Quyển sách hé lộ các phương thức giúp khơi gợi những cảm xúc tích cực, đồng thời triệt tiêu các cảm xúc tiêu cực để giúp chúng ta có thể ứng phó linh hoạt, biết cách làm chủ cảm xúc của bản thân và cả những người khác. Từ đó, chúng...

Popoln opis

Shranjeno v:
Bibliografske podrobnosti
Glavni avtor: Fisher, Roger
Drugi avtorji: Shapiro, Daniel, Đan Châu (Dịch)
Format: Knjiga
Jezik:Vietnamese
Izdano: Tp. Hồ Chí Minh Tổng hợp Tp. Hồ Chí Minh 2019
Izdaja:Tái bản lần thứ 3
Teme:
Oznake: Označite
Brez oznak, prvi označite!
Thư viện lưu trữ: Thư viện Trường Đại học Nam Cần Thơ
LEADER 01393nam a22002297a 4500
001 NCT_67885
008 190905b xxu||||| |||| 00| 0 vie d
999 |c 3282  |d 3282 
020 |a 9786045888612  |c 80000 
082 0 4 |2 23rd ed.  |a 153  |b F533 
100 1 |a Fisher, Roger 
245 1 0 |a Sức mạnh của trí tuệ cảm xúc =   |b Beyond reason  |c Roger Fisher, Daniel Shapiro ; Đan Châu (dịch) 
250 |a Tái bản lần thứ 3 
260 |a Tp. Hồ Chí Minh  |b Tổng hợp Tp. Hồ Chí Minh  |c 2019 
300 |a 263 tr.  |c 21cm 
520 3 |a Quyển sách hé lộ các phương thức giúp khơi gợi những cảm xúc tích cực, đồng thời triệt tiêu các cảm xúc tiêu cực để giúp chúng ta có thể ứng phó linh hoạt, biết cách làm chủ cảm xúc của bản thân và cả những người khác. Từ đó, chúng ta có thể giải quyết ổn thỏa mọi cuộc đàm phán, dù là khó khăn nhất. 
653 |a Sách tham khảo 
700 1 |a Shapiro, Daniel 
700 0 |a Đan Châu  |e Dịch 
942 |2 ddc  |c BK 
952 |0 0  |1 0  |2 ddc  |4 0  |6 153_000000000000000_F533  |7 0  |9 17598  |a 000001  |b 000001  |d 2019-09-05  |l 2  |m 1  |o 153 F533  |p TK.01576  |r 2019-09-12  |s 2019-09-12  |v 80000.00  |w 2019-09-05  |y BK 
980 |a Thư viện Trường Đại học Nam Cần Thơ